Acción comunitaria local y politica social

Furkejuvvon:
Bibliográfalaš dieđut
Searvvušdahkki: Fundación Europea
Materiálatiipa: Texto
Almmustuhtton: Bruselas: Comunidades Europeas
Fáddágilkorat: Lasit fáddágilkoriid
Eai fáddágilkorat, Lasit vuosttaš fáddágilkora!

MARC

LEADER 00000 a a2200000 04500
001 22791
003
040
020 |a 92-826-5659-4  
090 |a 156500  
110 |a Fundación Europea  
245 |a Acción comunitaria local y politica social  
260 |a Bruselas:   |b Comunidades Europeas  
300 |a 31 p.  
999 |c 7851  |d 7851